| 000 | 00851nmm a2200265 a 4500 | ||
|---|---|---|---|
| 003 | AR-BaBNM | ||
| 005 | 20251128211330.0 | ||
| 008 | 224020s2000 ||||||||||||||000 | spa|| | ||
| 020 | _a950-49-0559-5 | ||
| 040 | _cAR-BaBNM | ||
| 100 | 1 |
_aSaer, Juan José _d1937-2005 |
|
| 245 | 1 | 0 | _aResponso |
| 260 |
_aBuenos Aires _bPlaneta _c2000 |
||
| 300 | 0 |
_a158 p. _epropuestas metodológicas para el docente |
|
| 500 | 1 | _aEdición especial para el trabajo en el aula con guía de actividades de pre-lectura, análisis y lectura comprensiva, y taller de escritura | |
| 650 | 4 | _aLITERATURA CONTEMPORANEA | |
| 650 | 4 | _aLITERATURA LATINOAMERICANA | |
| 650 | 4 | _aLITERATURA ARGENTINA | |
| 653 | _aNARRATIVA | ||
| 655 | _aLITERATURA | ||
| 700 | 1 |
_aGalán, Ana Silvia _eintroducción |
|
| 700 | 1 |
_aParis, Diana _eeditor |
|
| 942 | _cBK | ||
| 998 | _cLaura | ||
| 999 |
_c19199 _d19199 |
||